Statistics for Biggest Cities in Nebraska in 1950

Click here to take the quiz!

General Stats

  • This quiz has been taken 42 times
  • The average score is 11 of 20

Answer Stats

PopulationCountyAnswer% Correct
98,884LancasterLincoln
100%
251,117DouglasOmaha
93%
22,682HallGrand Island
74%
12,115BuffaloKearney
74%
15,433LincolnNorth Platte
67%
20,211AdamsHastings
63%
12,858Scotts BluffScottsbluff
63%
8,884PlatteColumbus
59%
14,762DodgeFremont
59%
6,872OtoeNebraska City
52%
11,335MadisonNorfolk
52%
11,813GageBeatrice
48%
5,557DakotaSouth Sioux City
48%
5,068DawsonLexington
44%
6,178YorkYork
44%
7,078Red WillowMcCook
41%
4,912CheyenneSidney
37%
6,203RichardsonFalls City
30%
7,891Box ButteAlliance
26%
6,395JeffersonFairbury
26%

Score Distribution

Percentile by Number Answered

Percent of People with Each Score

Your Score History

You have not taken this quiz